[Event "Online Olym Div2 B 2021"]
[Site "chess.com INT"]
[Date "2021.09.02"]
[Round "2.2"]
[Board "5"]
[White "Chan, Kim Yew"]
[Black "Begmuratov, Khumoyun"]
[Result "1-0"]
[WhiteTitle "FM"]
[BlackTitle "CM"]
[WhiteElo "2303"]
[BlackElo "2148"]
[WhiteTeam "Malaysia"]
[BlackTeam "Uzbekistan"]
[WhiteFideId "5717981"]
[BlackFideId "14210207"]
[EventDate "2021.09.02"]
[EventType "team"]

1. Nf3 Nf6 2. g3 g6 3. c4 Bg7 4. Bg2 O-O 5. d4 d6 6. Nc3 c6 7. O-O Qc7 8. e4 e5
9. h3 Re8 10. Be3 Nbd7 11. Re1 a5 12. b3 exd4 13. Nxd4 Nc5 14. Qc2 Bd7 15. Rad1
Rad8 16. f4 h5 17. Kh2 Re7 18. Bf2 Rde8 19. a3 Ne6 20. Nf3 Bc8 21. Qd2 Rd7 22.
Re2 b6 23. b4 axb4 24. axb4 Qd8 25. Qc2 Bb7 26. Red2 Nh7 27. e5 d5 28. b5 Nc7
29. Bxb6 Qe7 30. bxc6 Bxc6 31. Nd4 Ba8 32. cxd5 Nxd5 33. Nxd5 Bxd5 34. Nf5 gxf5
35. Bxd5 Qb4 36. Rb1 Qa3 37. Rd3 Qa6 38. Bc4 Qc8 39. Rxd7 Qxd7 40. Bb5 Rc8 41.
Bxd7 Rxc2+ 42. Kg1 Rc3 43. Kg2 h4 44. gxh4 Bh6 45. Rf1 Rb3 46. Bc5 Rc3 47. Bg1
Rc2+ 48. Kg3 Nf8 49. Bxf5 Ra2 50. Be4 Ne6 51. f5 Ng7 52. Rd1 Kf8 53. Bc5+ 1-0

[Event "Online Olym Div2 B 2021"]
[Site "chess.com INT"]
[Date "2021.09.02"]
[Round "2.2"]
[Board "6"]
[White "Khegay, Yuliya"]
[Black "Chua, Jia-Tien"]
[Result "0-1"]
[WhiteTitle "WFM"]
[BlackTitle "WCM"]
[WhiteElo "1848"]
[BlackElo "1822"]
[WhiteTeam "Uzbekistan"]
[BlackTeam "Malaysia"]
[WhiteFideId "14205394"]
[BlackFideId "5710006"]
[EventDate "2021.09.02"]
[EventType "team"]

1. e4 c5 2. Nf3 d6 3. d4 cxd4 4. Nxd4 Nf6 5. Nc3 a6 6. Bg5 e6 7. f4 Nbd7 8. Qf3
Qc7 9. Kd1 b5 10. Bd3 Bb7 11. Re1 Be7 12. Kd2 Rc8 13. Rad1 b4 14. Nce2 Nc5 15.
Ng3 Na4 16. Nh5 Nxh5 17. Qxh5 Nxb2 18. Nxe6 Qc3+ 19. Ke2 g6 20. Qh4 Bxg5 21.
Nxg5 Nxd1 22. Kxd1 Qf6 23. e5 dxe5 24. Rxe5+ Kd7 25. Qh3+ Kc7 26. Qe3 Kb8 27. g3
h6 28. Ne4 Qc6 29. Nc5 Rhd8 30. Nxb7 Qxb7 31. Kc1 Rc7 32. Be4 Qa7 33. Qb3 Qg1+
34. Kb2 Qd4+ 35. Kb1 Qc3 36. Qxc3 bxc3 37. a3 Rd1+ 38. Ka2 Rd2 39. h3 Ka7 40. g4
Re2 41. Kb3 Kb6 42. a4 Re3 43. h4 Rd7 44. Kc4 a5 45. Rb5+ Ka6 46. Bc6 Rc7 47.
Kd5 Re6 48. Rc5 Kb6 49. Rb5+ Ka6 50. Rc5 Rce7 51. Rxc3 Re1 52. Bb5+ Kb7 53. Bc6+
Kb6 54. Bb5 Rd1+ 55. Bd3 Ra1 56. Rc6+ Kb7 57. Ba6+ Ka7 58. Bb5 Rd1+ 59. Kc5 Kb8
60. Kb6 Rb7+ 61. Kxa5 Rd4 62. c4 Rxf4 63. Ba6 Rc7 64. Rb6+ Ka7 65. h5 Rxg4 66.
hxg6 fxg6 67. Re6 h5 68. Bb5 Rg5 69. Ra6+ Kb8 70. Rb6+ Rb7 71. Rf6 h4 72. c5
Rxc5 73. Rxg6 Rh5 74. Ka6 Ra7+ 75. Kb6 Rb7+ 76. Ka6 Rc7 77. Bc6 h3 78. Kb6 Rxc6+
79. Rxc6 h2 80. Rf6 Rh8 81. Rf1 h1=Q 82. Rxh1 Rxh1 83. a5 Rb1+ 84. Ka6 Rh1 85.
Kb6 Rh6+ 86. Kb5 Ka7 87. a6 Rxa6 0-1

[Event "Online Olym Div2 B 2021"]
[Site "chess.com INT"]
[Date "2021.09.02"]
[Round "2.3"]
[Board "1"]
[White "Moroni, Luca Jr"]
[Black "Toczek, Grzegorz"]
[Result "1-0"]
[WhiteTitle "GM"]
[BlackTitle "FM"]
[WhiteElo "2566"]
[BlackElo "2271"]
[WhiteTeam "Italy"]
[BlackTeam "Wales"]
[WhiteFideId "865834"]
[BlackFideId "1106457"]
[EventDate "2021.09.02"]
[EventType "team"]

1. d4 Nf6 2. c4 c5 3. Nf3 cxd4 4. Nxd4 e5 5. Nb5 d5 6. cxd5 Bb4+ 7. Bd2 Bc5 8.
Qc1 Na6 9. N1c3 Nxd5 10. g3 O-O 11. Bg2 Be6 12. O-O Rc8 13. Rd1 Qb6 14. e3 Rfd8
15. Qb1 Ndb4 16. Qe4 Rd7 17. Be1 Rcd8 18. Rxd7 Rxd7 19. Qxe5 Nd3 20. Qe4 Nab4
21. Rd1 a6 22. Nd4 Bxd4 23. exd4 Rxd4 24. Qxb7 Qxb7 25. Bxb7 Rd7 26. Bc8 Rd6 27.
Bxe6 Rxe6 28. Bd2 Nxb2 29. Rb1 N4d3 30. Na4 Re2 31. Nxb2 Rxd2 32. Nc4 Nb2 33.
Nxd2 1-0

[Event "Online Olym Div2 B 2021"]
[Site "chess.com INT"]
[Date "2021.09.02"]
[Round "2.3"]
[Board "2"]
[White "Pleasants, Allan J"]
[Black "Lodici, Lorenzo"]
[Result "0-1"]
[BlackTitle "IM"]
[WhiteElo "2001"]
[BlackElo "2507"]
[WhiteTeam "Wales"]
[BlackTeam "Italy"]
[WhiteFideId "411337"]
[BlackFideId "884189"]
[EventDate "2021.09.02"]
[EventType "team"]

1. Nf3 d5 2. g3 c6 3. Bg2 Bg4 4. d3 Nd7 5. Nbd2 Ngf6 6. O-O e5 7. h3 Bh5 8. c4
Be7 9. b3 O-O 10. Bb2 Bd6 11. Qc2 Re8 12. e4 Rc8 13. Nh4 Bf8 14. Nf5 Nc5 15. g4
Bg6 16. b4 Ncd7 17. a3 a5 18. c5 b6 19. cxb6 Qxb6 20. bxa5 Qxa5 21. Nh4 Nc5 22.
Nxg6 hxg6 23. Bc3 Qa6 24. d4 exd4 25. Bxd4 Ncxe4 26. Nxe4 Nxe4 27. Rfe1 Ng5 28.
h4 Ne6 0-1

[Event "Online Olym Div2 B 2021"]
[Site "chess.com INT"]
[Date "2021.09.02"]
[Round "2.3"]
[Board "3"]
[White "Zimina, Olga"]
[Black "Chong, Kimberly"]
[Result "1-0"]
[WhiteTitle "IM"]
[WhiteElo "2334"]
[BlackElo "1790"]
[WhiteTeam "Italy"]
[BlackTeam "Wales"]
[WhiteFideId "4132190"]
[BlackFideId "1804723"]
[EventDate "2021.09.02"]
[EventType "team"]

1. Nf3 d5 2. d4 Nf6 3. g3 e6 4. Bg2 Be7 5. O-O O-O 6. c4 c6 7. Nc3 Re8 8. Qd3
Nbd7 9. Rd1 Nf8 10. e4 dxe4 11. Nxe4 Ng6 12. Nc3 Qc7 13. h4 b6 14. Qe2 Bb7 15.
Bg5 Rad8 16. Bxf6 Bxf6 17. h5 Ne7 18. Ne4 Nf5 19. g4 Nd6 20. Nxf6+ gxf6 21. c5
Nc8 22. Qe3 e5 23. Qh6 Qe7 24. Nh4 Qf8 25. Qxf6 Qg7 26. Qxg7+ Kxg7 27. dxe5
Rxd1+ 28. Rxd1 Rxe5 29. Rd7 Ba6 30. cxb6 axb6 31. Bxc6 Bb5 32. Bxb5 Rxb5 33. f4
Rc5 34. g5 Rc1+ 35. Kf2 Rc2+ 36. Kf3 Kf8 37. a4 Ke8 38. Rb7 Rxb2 39. a5 b5 40.
Nf5 Rb3+ 41. Kg4 Rb1 42. Ng7+ Kd8 43. Rxf7 Nd6 44. Ra7 b4 45. Ne6+ Ke8 46. f5 b3
47. f6 b2 48. Re7# 1-0

[Event "Online Olym Div2 B 2021"]
[Site "chess.com INT"]
[Date "2021.09.02"]
[Round "2.3"]
[Board "4"]
[White "Wilson, Julie"]
[Black "Movileanu, Daniela"]
[Result "0-1"]
[BlackTitle "WIM"]
[WhiteElo "1826"]
[BlackElo "2239"]
[WhiteTeam "Wales"]
[BlackTeam "Italy"]
[WhiteFideId "1800876"]
[BlackFideId "873349"]
[EventDate "2021.09.02"]
[EventType "team"]

1. d4 Nf6 2. c4 g6 3. Nc3 d5 4. cxd5 Nxd5 5. Bd2 Bg7 6. e4 Nxc3 7. Bxc3 O-O 8.
Bc4 Nc6 9. Ne2 e5 10. d5 Ne7 11. O-O Bg4 12. f3 Bd7 13. Ng3 Nc8 14. Rc1 Nd6 15.
Bd3 Qh4 16. Bb4 Rac8 17. Qb3 Qg5 18. Rc2 h5 19. Bxd6 cxd6 20. Qxb7 h4 21. Qxd7
Rxc2 22. Bxc2 hxg3 23. hxg3 Qe3+ 24. Rf2 Qc1+ 25. Kh2 Bh6 26. Qxa7 Be3 27. Rf1
Kg7 28. Rxc1 Rh8# 0-1

[Event "Online Olym Div2 B 2021"]
[Site "chess.com INT"]
[Date "2021.09.02"]
[Round "2.3"]
[Board "5"]
[White "Di Benedetto, Edoardo"]
[Black "MacDonald, Duncan"]
[Result "1-0"]
[WhiteTitle "IM"]
[WhiteElo "2412"]
[BlackElo "1569"]
[WhiteTeam "Italy"]
[BlackTeam "Wales"]
[WhiteFideId "875740"]
[BlackFideId "1804758"]
[EventDate "2021.09.02"]
[EventType "team"]

1. d4 Nf6 2. c4 e5 3. dxe5 Ng4 4. e3 Nxe5 5. Nc3 Nbc6 6. Nh3 Bb4 7. Bd2 O-O 8.
Be2 Ng6 9. O-O d6 10. Nf4 Nxf4 11. exf4 Bf5 12. a3 Bc5 13. Bf3 Qf6 14. b4 Bd4
15. Nd5 Qg6 16. b5 Bxa1 17. Qxa1 Rae8 18. bxc6 bxc6 19. Ne3 Be4 20. Bxe4 Qxe4
21. g3 d5 22. cxd5 cxd5 23. Bb4 d4 24. Ng2 d3 25. Bxf8 Kxf8 26. Qc3 c6 27. Re1
Qd5 28. Rxe8+ Kxe8 29. Qe5+ Qxe5 30. fxe5 Ke7 31. Ne3 Ke6 32. f4 c5 33. Kf2 f6
34. exf6 gxf6 35. Ke1 c4 36. Kd2 Kd6 37. Nxc4+ Kc5 38. Kxd3 1-0

[Event "Online Olym Div2 B 2021"]
[Site "chess.com INT"]
[Date "2021.09.02"]
[Round "2.3"]
[Board "6"]
[White "Ray, Hiya"]
[Black "Sala, Giulia"]
[Result "0-1"]
[BlackTitle "WFM"]
[WhiteElo "1586"]
[BlackElo "2064"]
[WhiteTeam "Wales"]
[BlackTeam "Italy"]
[WhiteFideId "1803980"]
[BlackFideId "2840451"]
[EventDate "2021.09.02"]
[EventType "team"]

1. d4 Nf6 2. Nf3 g6 3. c4 Bg7 4. Nc3 O-O 5. e4 d6 6. Be2 Nbd7 7. Be3 Ng4 8. O-O
c6 9. Qd2 Nxe3 10. Qxe3 e5 11. d5 c5 12. a3 f5 13. exf5 gxf5 14. Qg5 e4 15. Qxd8
Rxd8 16. Ng5 Ne5 17. f3 h6 18. Nh3 exf3 19. Bxf3 Nxc4 20. Rab1 Nxb2 21. Rxb2
Bxc3 22. Rc2 Bd4+ 23. Kh1 b6 24. Nf4 Ba6 25. Re1 Be5 26. Ne6 Rd7 27. Be2 Bxe2
28. Rcxe2 c4 29. Rc1 Rc8 30. Rf2 f4 31. Nxf4 Rf7 32. Nh3 Rxf2 33. Nxf2 Bb2 34.
Rc2 Bxa3 35. Rc3 Bb2 36. Rg3+ Kh7 37. Ne4 c3 38. Nf6+ Kh8 39. Rg6 c2 0-1

[Event "Online Olym Div2 B 2021"]
[Site "chess.com INT"]
[Date "2021.09.02"]
[Round "2.4"]
[Board "1"]
[White "Sirosh, Ilja"]
[Black "Bologan, Victor"]
[Result "0-1"]
[WhiteTitle "IM"]
[BlackTitle "GM"]
[WhiteElo "2400"]
[BlackElo "2574"]
[WhiteTeam "Estonia"]
[BlackTeam "Moldova"]
[WhiteFideId "4500458"]
[BlackFideId "13900048"]
[EventDate "2021.09.02"]
[EventType "team"]

1. e4 e5 2. Nf3 Nc6 3. Bc4 Bc5 4. c3 Nf6 5. d3 d6 6. O-O h6 7. Re1 O-O 8. Nbd2
a5 9. Nf1 a4 10. Bb5 a3 11. b4 Bb6 12. Be3 Bxe3 13. Nxe3 Ne7 14. Qc2 c6 15. Bc4
d5 16. Bb3 Ng6 17. Rad1 Be6 18. d4 Nxe4 19. dxe5 Qb6 20. Nf1 Bg4 21. Ng3 Bxf3
22. gxf3 Ng5 23. Rd3 Rae8 24. Kh1 Rxe5 25. Rde3 Nxf3 0-1

[Event "Online Olym Div2 B 2021"]
[Site "chess.com INT"]
[Date "2021.09.02"]
[Round "2.4"]
[Board "2"]
[White "Iordachescu, Viorel"]
[Black "Vorobjov, Pavel"]
[Result "1-0"]
[WhiteTitle "GM"]
[WhiteElo "2587"]
[BlackElo "2293"]
[WhiteTeam "Moldova"]
[BlackTeam "Estonia"]
[WhiteFideId "13900200"]
[BlackFideId "4500989"]
[EventDate "2021.09.02"]
[EventType "team"]

1. e4 c5 2. Nf3 Nc6 3. Bb5 e6 4. O-O Nge7 5. Re1 a6 6. Bf1 d5 7. d3 d4 8. e5 Ng6
9. a4 Be7 10. g3 Qc7 11. Qe2 O-O 12. Na3 Bd7 13. h4 f6 14. exf6 gxf6 15. h5 Nge5
16. Nxe5 Nxe5 17. Bf4 Bd6 18. Bg2 Nf7 19. Bd2 Rab8 20. a5 Rfe8 21. Nc4 Bf8 22.
Qg4+ Kh8 23. Qh4 Be7 24. h6 Rg8 25. Nb6 Rg6 26. Be4 Rgg8 27. Qh5 Be8 28. Bf4 Nd6
29. Qf3 e5 30. Bd5 Bc6 31. Rxe5 Rg6 32. Re6 Rd8 33. Rae1 Bf8 34. Bxc6 bxc6 35.
Nc4 1-0

[Event "Online Olym Div2 B 2021"]
[Site "chess.com INT"]
[Date "2021.09.02"]
[Round "2.4"]
[Board "3"]
[White "Sinitsina, Anastassia"]
[Black "Gitu, Paula-Alexandra"]
[Result "1/2-1/2"]
[WhiteTitle "WFM"]
[BlackTitle "WFM"]
[WhiteElo "2115"]
[BlackElo "2113"]
[WhiteTeam "Estonia"]
[BlackTeam "Moldova"]
[WhiteFideId "4504640"]
[BlackFideId "13904620"]
[EventDate "2021.09.02"]
[EventType "team"]

1. Nf3 d6 2. d4 Bg4 3. c4 c6 4. Nbd2 Nd7 5. h3 Bh5 6. g3 e5 7. Bg2 Ngf6 8. Qc2
Bg6 9. Qb3 Qc7 10. O-O Be7 11. dxe5 dxe5 12. Nh4 Nc5 13. Qe3 a5 14. Nxg6 hxg6
15. Nf3 Ncd7 16. Ng5 O-O 17. Ne4 Nxe4 18. Qxe4 f5 19. Qc2 Bc5 20. b3 Nf6 21. Bb2
e4 22. e3 Rad8 23. Rad1 Nh7 24. Bc3 Ng5 25. Qe2 Bd6 26. h4 Nf7 27. Qb2 Be5 28.
Bd4 c5 29. Bc3 b6 30. Qc2 Bxc3 31. Qxc3 Qe5 32. Qc2 Qc7 33. Rxd8 Rxd8 34. Rd1
Rd6 35. Bf1 Qd7 36. Be2 Ne5 37. Rxd6 Qxd6 38. Qd1 Qxd1+ 39. Bxd1 Kf7 40. Kg2 Kf6
41. Be2 g5 42. hxg5+ Kxg5 43. Kf1 Kf6 44. Ke1 Nc6 45. Kd2 Ke5 46. Kc3 g5 47. a3
f4 48. gxf4+ gxf4 49. Bg4 f3 50. Bd7 Ne7 51. b4 axb4+ 52. axb4 Kd6 53. Ba4 Ng8
54. bxc5+ bxc5 55. Kd2 Nf6 56. Bb5 Kc7 57. Ba4 Kb6 58. Bc2 Kc6 59. Ba4+ Kd6 60.
Bb5 Ke5 61. Bc6 Kd6 62. Bb5 1/2-1/2

[Event "Online Olym Div2 B 2021"]
[Site "chess.com INT"]
[Date "2021.09.02"]
[Round "2.4"]
[Board "4"]
[White "Petricenco, Ana"]
[Black "Viikmaa, Karmen"]
[Result "0-1"]
[WhiteElo "1910"]
[BlackElo "1720"]
[WhiteTeam "Moldova"]
[BlackTeam "Estonia"]
[WhiteFideId "13908596"]
[BlackFideId "4502620"]
[EventDate "2021.09.02"]
[EventType "team"]

1. e4 c5 2. Nf3 Nc6 3. Bb5 e6 4. O-O Nge7 5. Re1 a6 6. Bf1 d5 7. exd5 Nxd5 8. c3
Bd6 9. d4 cxd4 10. Nxd4 Nxd4 11. Qxd4 O-O 12. Nd2 Qc7 13. Nf3 b5 14. Bd2 Bb7 15.
c4 bxc4 16. Qxc4 Qb6 17. b3 Rac8 18. Qd3 Nb4 19. Bxb4 Bxb4 20. Rec1 Bc5 21. Qe2
h6 22. Ne5 Rcd8 23. Rd1 Bd4 24. Rac1 Rd5 25. Nc4 Qd8 26. g3 Qf6 27. Bg2 Rfd8 28.
Rf1 Qg5 29. Kh1 R5d7 30. Bxb7 Rxb7 31. Kg1 Rb5 32. Rcd1 Rbd5 33. Rc1 Rf5 34.
Rce1 h5 35. Ne3 Re5 36. Qf3 Bc3 37. Rd1 Bd4 38. Rde1 h4 39. Kg2 Qh6 40. Ng4 h3+
41. Kg1 Qg5 42. Nxe5 Bxe5 43. Rd1 Rc8 44. Qe2 Qf5 45. Rc1 Rd8 46. Rfd1 Bd4 47.
Rf1 Qd5 0-1

[Event "Online Olym Div2 B 2021"]
[Site "chess.com INT"]
[Date "2021.09.02"]
[Round "2.4"]
[Board "5"]
[White "Rychagov, Nikita"]
[Black "Ceres, Dragos"]
[Result "1-0"]
[BlackTitle "FM"]
[WhiteElo "1985"]
[BlackElo "2372"]
[WhiteTeam "Estonia"]
[BlackTeam "Moldova"]
[WhiteFideId "4508394"]
[BlackFideId "13905864"]
[EventDate "2021.09.02"]
[EventType "team"]

1. e4 e5 2. Nf3 Nc6 3. d4 exd4 4. Nxd4 Nf6 5. Nxc6 bxc6 6. e5 Qe7 7. Qe2 Nd5 8.
c4 Ba6 9. Nd2 O-O-O 10. Qe4 Nb6 11. b3 c5 12. Bb2 g6 13. O-O-O Bg7 14. f4 Rhe8
15. Bd3 Bb7 16. Qe2 f6 17. Rhe1 fxe5 18. fxe5 Qg5 19. Be4 Bxe4 20. Qxe4 d5 21.
cxd5 Rxd5 22. h4 Qh6 23. Kc2 Red8 24. Nf3 g5 25. Qg4+ Kb7 26. Qxg5 Qe6 27. Rxd5
Qxd5 28. Qe3 c4 29. Qe4 cxb3+ 30. axb3 c6 31. Qxd5 Nxd5 32. Re4 Re8 33. Bd4 Nb4+
34. Kc3 Nd5+ 35. Kc2 Nb4+ 36. Kb2 c5 37. Bc3 Nd5 38. Rg4 Re7 39. Rg5 Kc6 40. h5
h6 41. Rg6+ Kb5 42. g4 a5 43. Kc2 Ne3+ 44. Kd3 Nd5 45. Kc2 Ne3+ 46. Kd3 Nd5 47.
Rd6 Nxc3 48. Kxc3 Rxe5 49. Kd3 Re7 50. Rd8 Rb7 51. Nd2 a4 52. bxa4+ Kxa4 53. Ne4
Kb4 54. Nd6 Rb6 55. Nc4 Rb7 56. Nd6 Rb6 57. Nc4 Rf6 58. Rb8+ Ka4 59. Nb6+ Ka5
60. Nd5 Rf1 61. Rg8 Be5 62. Ne3 Rf4 63. Nc4+ Kb4 64. Nxe5 Rd4+ 65. Ke3 Rd1 66.
Rc8 Re1+ 67. Kf4 Rf1+ 68. Ke4 Re1+ 69. Kf5 1-0

[Event "Online Olym Div2 B 2021"]
[Site "chess.com INT"]
[Date "2021.09.02"]
[Round "2.4"]
[Board "6"]
[White "Mihailova, Alina"]
[Black "Blokhin, Sofia"]
[Result "0-1"]
[WhiteElo "1884"]
[BlackElo "2022"]
[WhiteTeam "Moldova"]
[BlackTeam "Estonia"]
[WhiteFideId "13907018"]
[BlackFideId "4508190"]
[EventDate "2021.09.02"]
[EventType "team"]

1. d4 f5 2. Nf3 e6 3. g3 Nf6 4. Bg2 Be7 5. O-O O-O 6. c4 d5 7. Nbd2 Ne4 8. Qc2
b6 9. Ne5 Bb7 10. Ndf3 c5 11. Rd1 cxd4 12. Nxd4 Qc8 13. b3 Bc5 14. Bb2 a5 15. a3
Na6 16. Rac1 Nc7 17. e3 Qd8 18. Nd3 Bd6 19. Nf3 Qe7 20. Nfe5 Rac8 21. Qb1 b5 22.
Bxe4 fxe4 23. c5 exd3 24. cxd6 Qxd6 25. Nxd3 Na6 26. Qa1 d4 27. Ne1 Qd5 28. f3
Qxb3 29. Rd3 Qd5 30. e4 Qg5 31. Rxc8 Rxc8 32. Qa2 Rc4 33. Bc3 dxc3 34. Qe2 Nc5
35. Rd6 Qe7 36. e5 Bd5 37. Nc2 Nb7 38. Rb6 Qc5+ 39. Qe3 Qxe3+ 40. Nxe3 c2 41.
Nxc2 Rxc2 0-1

[Event "Online Olym Div2 B 2021"]
[Site "chess.com INT"]
[Date "2021.09.02"]
[Round "2.5"]
[Board "1"]
[White "Salih, Akar Ali Salih"]
[Black "Meshkovs, Nikita"]
[Result "0-1"]
[WhiteTitle "FM"]
[BlackTitle "GM"]
[WhiteElo "2270"]
[BlackElo "2550"]
[WhiteTeam "Iraq"]
[BlackTeam "Latvia"]
[WhiteFideId "4800575"]
[BlackFideId "11602740"]
[EventDate "2021.09.02"]
[EventType "team"]

1. e4 c5 2. Nf3 Nc6 3. d4 cxd4 4. Nxd4 e6 5. Nc3 Qc7 6. Be3 a6 7. Qd2 Nf6 8.
O-O-O Be7 9. f3 b5 10. Nb3 d6 11. g4 h6 12. h4 Ne5 13. Be2 Bb7 14. g5 Nh5 15.
Rhg1 hxg5 16. hxg5 Nc4 17. Bxc4 bxc4 18. Nd4 g6 19. f4 O-O-O 20. Qf2 Rd7 21. f5
gxf5 22. exf5 e5 23. Nf3 Bd8 24. Nd5 Qa5 25. Nc3 Re8 26. Kb1 Ng7 27. Nh4 d5 28.
f6 Ne6 29. g6 d4 30. Nf5 fxg6 31. Nxd4 exd4 32. Bxd4 Qf5 33. Qe2 Rxd4 34. Rxd4
Nxd4 35. Qxe8 Qxc2+ 36. Ka1 Qf5 37. a3 Qxf6 38. Rd1 Kc7 39. Ka2 Bc6 40. Qe3 Nb5
41. Nxb5+ axb5 42. Qa7+ Kc8 43. Qa6+ Bb7 44. Qxb5 Qe6 45. Rc1 Ba6 46. Qc5+ Kb7
47. Ka1 Bb6 48. Qb4 Qc6 49. Re1 Ka7 50. Re7+ Bb7 51. a4 Ka6 52. Re5 c3 53. bxc3
Qh1+ 54. Qb1 Qf3 55. Qb2 Qd1+ 56. Ka2 Bd5+ 57. Rxd5 Qxd5+ 58. Ka1 Qd1+ 59. Ka2
Qxa4+ 60. Kb1 Qb5 0-1

[Event "Online Olym Div2 B 2021"]
[Site "chess.com INT"]
[Date "2021.09.02"]
[Round "2.5"]
[Board "2"]
[White "Kantans, Toms"]
[Black "Al-Ali, Hussein Ali Hussein"]
[Result "1-0"]
[WhiteTitle "GM"]
[BlackTitle "IM"]
[WhiteElo "2481"]
[BlackElo "2277"]
[WhiteTeam "Latvia"]
[BlackTeam "Iraq"]
[WhiteFideId "11602945"]
[BlackFideId "4800192"]
[EventDate "2021.09.02"]
[EventType "team"]

1. e4 e6 2. c4 d5 3. cxd5 exd5 4. exd5 Nf6 5. Nc3 Nxd5 6. Nf3 Be7 7. d4 O-O 8.
Bd3 Nc6 9. O-O Bg4 10. h3 Bxf3 11. Qxf3 Nf6 12. Rd1 Re8 13. Be3 Nb4 14. Bc4 c6
15. d5 Nbxd5 16. Nxd5 cxd5 17. Bxd5 Nxd5 18. Rxd5 Qc8 19. a4 Qe6 20. Rad1 Bf6
21. b4 Qe4 22. Qxe4 Rxe4 23. Rb5 Re7 24. Bxa7 h6 25. Bc5 Rc7 26. a5 Be7 27. Bxe7
Rxe7 28. Rbd5 Re4 29. R1d4 Rxd4 30. Rxd4 b6 31. axb6 Rb8 32. Rd6 Kf8 33. g4 Ke7
34. Rc6 g6 35. Kg2 Kd7 36. b5 Rb7 37. Kf3 Rb8 38. Ke4 Ke7 39. Kd5 Kd8 40. f4 Ke8
41. h4 h5 42. gxh5 gxh5 43. f5 Kd8 44. Rd6+ Ke7 45. f6+ Ke8 46. Kc6 Rc8+ 47. Kb7
Rc5 48. Ka6 1-0

[Event "Online Olym Div2 B 2021"]
[Site "chess.com INT"]
[Date "2021.09.02"]
[Round "2.5"]
[Board "3"]
[White "A-Ali, Sali Abbas Abdulzahra"]
[Black "Rogule, Laura"]
[Result "0-1"]
[WhiteTitle "WFM"]
[BlackTitle "WGM"]
[WhiteElo "1919"]
[BlackElo "2286"]
[WhiteTeam "Iraq"]
[BlackTeam "Latvia"]
[WhiteFideId "4804929"]
[BlackFideId "11601876"]
[EventDate "2021.09.02"]
[EventType "team"]

1. e4 c5 2. Nf3 Nc6 3. d4 cxd4 4. Nxd4 Nf6 5. Nc3 d6 6. Be2 e5 7. Nf3 h6 8. O-O
Be6 9. Re1 g6 10. b3 a6 11. a4 Rc8 12. Bb2 Bg7 13. Qd2 O-O 14. Rad1 Nd4 15. h3
Qc7 16. Rc1 Rfd8 17. Qd3 Nh5 18. Nxd4 exd4 19. Nd5 Bxd5 20. exd5 Nf4 21. Qf3 g5
22. Bd3 Qc5 23. Be4 Re8 24. Red1 Rc7 25. Ra1 Rce7 26. Ba3 Qb6 27. Bd3 Re5 28.
Bc4 d3 29. Bxd3 Rxd5 30. Rac1 Rde5 31. Bb2 Re3 32. fxe3 Rxe3 33. Qf2 Bxb2 34.
Rb1 Bd4 35. Kf1 Rxd3 36. Qxd4 Rxd4 37. Re1 Rd2 0-1

[Event "Online Olym Div2 B 2021"]
[Site "chess.com INT"]
[Date "2021.09.02"]
[Round "2.5"]
[Board "4"]
[White "Vidruska, Renate"]
[Black "Al-Khalidi, Aisha Ali Ahmed"]
[Result "1-0"]
[WhiteTitle "WFM"]
[BlackTitle "WCM"]
[WhiteElo "2000"]
[BlackElo "1624"]
[WhiteTeam "Latvia"]
[BlackTeam "Iraq"]
[WhiteFideId "11601841"]
[BlackFideId "4806042"]
[EventDate "2021.09.02"]
[EventType "team"]

1. e4 c5 2. Nf3 g6 3. d4 cxd4 4. Nxd4 Bg7 5. c4 Nc6 6. Be3 Nf6 7. Nc3 d6 8. Be2
O-O 9. O-O Bd7 10. Rc1 Nxd4 11. Bxd4 Bc6 12. f3 Qa5 13. b3 Rfd8 14. Kh1 Nd7 15.
Bxg7 Kxg7 16. Qd2 Nf8 17. Qb2 e5 18. b4 Qc7 19. b5 Be8 20. Nd5 Qc5 21. f4 Qd4
22. Qxd4 exd4 23. Rcd1 Rac8 24. Rxd4 Ne6 25. Rdd1 Nc5 26. Bf3 f6 27. Rfe1 Bf7
28. e5 dxe5 29. fxe5 fxe5 30. Rxe5 Nd7 31. Re7 Kf8 32. Rxd7 Rxd7 33. Bg4 Rxd5
34. cxd5 Rc5 35. d6 Ke8 36. Re1+ Kd8 37. Kg1 h5 38. Be6 Be8 39. Rb1 b6 40. a4
Re5 41. Bb3 Bd7 42. Kf2 Bf5 43. Rd1 Re4 44. h3 Rb4 45. Bf7 Rxa4 46. Rd2 Rb4 47.
Ra2 Rd4 48. Rxa7 Rxd6 49. Kf3 Bd3 50. g4 Rf6+ 51. Kg3 hxg4 52. Kxg4 Bxb5 53. Kg5
Rf2 54. Kxg6 Rg2+ 55. Kf6 Rf2+ 56. Kg5 Rg2+ 57. Kf5 Bd3+ 58. Ke6 Bc4+ 59. Kd6
Re2 60. Bxc4 Rd2+ 61. Kc6 Rc2 62. Kd5 Rd2+ 63. Ke4 Rh2 64. Be6 Re2+ 65. Kf5 Rf2+
66. Kg6 Rg2+ 67. Bg4 b5 68. Rb7 Rb2 69. h4 b4 70. h5 b3 71. h6 Rg2 72. Kg5 Rh2
73. Bh5 b2 74. h7 Rg2+ 75. Kf4 Rf2+ 76. Ke3 Rf8 77. Rxb2 Ke7 78. Rg2 Rh8 79. Bg6
Kf6 80. Be4 Kf7 81. Kf4 Rf8 82. Bf5 1-0

[Event "Online Olym Div2 B 2021"]
[Site "chess.com INT"]
[Date "2021.09.02"]
[Round "2.5"]
[Board "5"]
[White "Zaid Alaa Chaseb"]
[Black "Golubovskis, Maksims"]
[Result "0-1"]
[WhiteTitle "CM"]
[BlackTitle "FM"]
[WhiteElo "1814"]
[BlackElo "2210"]
[WhiteTeam "Iraq"]
[BlackTeam "Latvia"]
[WhiteFideId "4811623"]
[BlackFideId "11608528"]
[EventDate "2021.09.02"]
[EventType "team"]

1. e4 c5 2. Nc3 d6 3. f4 g6 4. Nf3 Bg7 5. g3 Nc6 6. Bg2 Nf6 7. O-O O-O 8. d3 Rb8
9. a4 a6 10. h3 b5 11. Qe2 b4 12. Nd1 Nd7 13. f5 e6 14. fxe6 fxe6 15. Bf4 Nd4
16. Nxd4 Bxd4+ 17. Kh2 Qe7 18. Rb1 b3 19. c3 Bg7 20. Ne3 g5 21. Qg4 gxf4 22.
gxf4 Kh8 23. Rg1 Rxf4 24. Qe2 Bb7 25. Bf3 Rbf8 26. Rbf1 Ne5 27. Bg2 Qh4 28. Rxf4
Rxf4 29. d4 Rf2 30. Qd1 Nf3+ 0-1

[Event "Online Olym Div2 B 2021"]
[Site "chess.com INT"]
[Date "2021.09.02"]
[Round "2.5"]
[Board "6"]
[White "Ter-Avetisjana, Agnesa Stepania"]
[Black "Sara Masood Abdullah"]
[Result "1-0"]
[WhiteElo "1872"]
[BlackElo "1683"]
[WhiteTeam "Latvia"]
[BlackTeam "Iraq"]
[WhiteFideId "11614900"]
[BlackFideId "4809610"]
[EventDate "2021.09.02"]
[EventType "team"]

1. e4 e6 2. d4 d5 3. Nd2 dxe4 4. Nxe4 Nd7 5. Nf3 f6 6. Bc4 Nb6 7. Bb3 Ne7 8. O-O
Nc6 9. a3 Be7 10. Re1 O-O 11. Ng3 Nd5 12. c4 Nb6 13. Ba2 Kh8 14. b4 a6 15. Bb2
Bd7 16. Qc2 f5 17. d5 e5 18. dxc6 Bxc6 19. Nxe5 Bf6 20. Rad1 Qc8 21. Nxc6 bxc6
22. c5 Nd5 23. Bxd5 cxd5 24. Rxd5 Bxb2 25. Qxb2 f4 26. Nh5 Rf7 27. Nxg7 Rxg7 28.
Rg5 Qf8 29. Rxg7 Qxg7 30. Qxg7+ Kxg7 31. Re7+ Kf6 32. Rxc7 Rd8 33. Kf1 Kg5 34.
Rxh7 Rd3 35. Rh3 Rd1+ 36. Ke2 Rg1 37. Rc3 1-0